| 000 | 00534nac a22001451u 4500 | ||
|---|---|---|---|
| 008 | 080901s1948 eu||||| |||| 00| 0 ara d | ||
| 082 |
_a189 _bغ ل ا |
||
| 110 |
_aGAmeyat AL Thakafa Al Islameya _916408 |
||
| 245 |
_aالفلسفة الاسلامية في المغرب / _cمحمد غلاب |
||
| 260 |
_aالقاهرة : _bجمعية الثقافة الاسلامية ،1948. _c1948. |
||
| 300 |
_a160 ص ؛ _c18 سم . |
||
| 511 | _aCatalogued by: Sara | ||
| 541 |
_aالف باء؛ _cشراء؛ |
||
| 942 |
_cBB _k189غ ل ا _2ddc |
||
| 999 |
_c7516 _d7516 |
||